00702cam a22002051i 4500001001300000003000400013005001700017008004100034010001700075040001900092050001800111110003300129245009200162260005100254300001900305650002300324700005400347711007800401999001700479ca 10005315 DLC20260227111055.0830302s1872 pau 000 0 eng  aca 10005315  aDLCcCarPdDLC00aHV7243b1872m2 aPennsylvania Prison Society.00aReport made to the Philadelphia society for alleviating the miseries of public prisons, aPhiladelphia,b[Press of J.B. Chandler]c1872. a101 p.c25 cm. 0aPrisonsvCongress.1 aChandler, Joseph R.q(Joseph Ripley),d1792-1880.2 aInternational Penal and Prison Congressn(1st :d1872 :cLondon, England) c14422d14422